[Event "DSM WK M 2011"]
[Site "Karlsruhe GER"]
[Date "2011.05.13"]
[Round "3"]
[White "Evers, Annika"]
[Black "Kluge, Leyla"]
[Result "1-0"]
[Termination "normal"]
[Board "1.1"]
[WhiteElo "1708"]
[BlackElo "1426"]
[WhiteTeam "Athenaeum Stade"]
[BlackTeam "Clemens-Winkler-Gymnasium Aue"]
[PlyCount "73"]
[WhiteFideId "24691933"]
[BlackFideId "12918172"]
[EventCountry "GER"]
[EventRounds "7"]
[EventType "team-swiss"]
[EventDate "2011.05.12"]

1. d4 d5 2. Nf3 Nc6 3. e3 g6 4. Bd3 Bg7 5. O-O Nf6 6. b3 O-O 7. Bb2 Re8 8. Nbd2
b6 9. Ne5 Nxe5 10. dxe5 Ng4 11. Nf3 f6 12. exf6 exf6 13. Bb5 Re7 14. Bc6 Rb8
15. Ba3 Rd7 16. Bxd7 Qxd7 17. Rc1 Ba6 18. Re1 c5 19. c4 Rd8 20. cxd5 Qxd5 21.
Qxd5+ Rxd5 22. h3 Ne5 23. Nxe5 Rxe5 24. Red1 Re7 25. b4 c4 26. b5 Rc7 27. bxa6
c3 28. Bb4 f5 29. Rd3 Rc4 30. Bxc3 Bxc3 31. Rdxc3 Ra4 32. Rc8+ Kf7 33. R8c7+
Kf6 34. Rxa7 Rxa2 35. Rc6+ Kg5 36. Rxh7 Ra4 37. f4+ 1-0

[Event "DSM WK M 2011"]
[Site "Karlsruhe GER"]
[Date "2011.05.13"]
[Round "3"]
[White "Schmieder, Michelle"]
[Black "Lange, Anika"]
[Result "0-1"]
[Termination "normal"]
[Board "1.2"]
[WhiteElo "1217"]
[BlackElo "1450"]
[WhiteTeam "Clemens-Winkler-Gymnasium Aue"]
[BlackTeam "Athenaeum Stade"]
[PlyCount "112"]
[BlackFideId "24693405"]
[EventCountry "GER"]
[EventRounds "7"]
[EventType "team-swiss"]
[EventDate "2011.05.12"]

1. e4 c5 2. Nf3 Nc6 3. d4 cxd4 4. Nxd4 e5 5. Nf3 Nf6 6. Nc3 d6 7. Bc4 Be7 8.
Bd2 O-O 9. O-O a6 10. a4 Bg4 11. Be2 d5 12. exd5 Nxd5 13. Nxd5 Qxd5 14. c4 Qd7
15. b3 Rad8 16. Bc3 Qxd1 17. Raxd1 e4 18. Nd4 Nxd4 19. Rxd4 Rxd4 20. Bxd4 Bxe2
21. Re1 Bd3 22. f3 Bb4 23. Rd1 Rd8 24. Bb6 Rd6 25. a5 exf3 26. gxf3 Be2 27.
Rxd6 Bxd6 28. Kg2 Bb4 29. f4 Bd1 30. h4 Bxb3 31. c5 Be1 32. h5 h6 33. f5 Bd1
34. Bd8 Bxh5 35. Kf1 Bb4 36. Bb6 Kf8 37. Kf2 Ke7 38. Ke3 Kf6 39. Ke4 g5 40. Kd5
Kxf5 41. Kd6 Bf3 42. Ke7 h5 43. Kxf7 h4 44. Ke7 h3 45. Kd7 h2 46. Kc7 h1=Q 47.
Kb8 Qc1 48. Ka8 Bxc5 49. Ka7 Bxb6+ 50. axb6 a5 51. Ka8 a4 52. Kb8 a3 53. Ka8 a2
54. Ka7 Qd2 55. Ka8 Qd8+ 56. Ka7 a1=Q# 0-1

[Event "DSM WK M 2011"]
[Site "Karlsruhe GER"]
[Date "2011.05.13"]
[Round "3"]
[White "Steffens, Skrolan"]
[Black "Münzner, Jasmin"]
[Result "1/2-1/2"]
[Termination "normal"]
[Board "1.3"]
[WhiteElo "1353"]
[BlackElo "1100"]
[WhiteTeam "Athenaeum Stade"]
[BlackTeam "Clemens-Winkler-Gymnasium Aue"]
[PlyCount "84"]
[EventCountry "GER"]
[EventRounds "7"]
[EventType "team-swiss"]
[EventDate "2011.05.12"]

1. e4 c5 2. Nc3 e6 3. g3 a6 4. Bg2 b5 5. f4 Bb7 6. d3 g6 7. Nf3 Bg7 8. Rb1 Ne7
9. Be3 Qc7 10. Qd2 d5 11. Ne2 dxe4 12. dxe4 Bxe4 13. Nc3 Bb7 14. Rd1 O-O 15.
O-O Nf5 16. Bf2 Re8 17. Rfe1 c4 18. Ne5 Bxg2 19. Kxg2 Bxe5 20. Rxe5 Nc6 21. Rc5
Qb7 22. Kg1 Rad8 23. Qe1 Rxd1 24. Qxd1 Rd8 25. Qf3 Na5 26. Qxb7 Nxb7 27. Rc7
Nbd6 28. Ra7 Kf8 29. Bc5 Ke8 30. Rxa6 Nb7 31. Bf2 Ne7 32. Rb6 Nd6 33. Bc5 Nef5
34. Nxb5 Nxb5 35. Rxb5 Rd5 36. Ra5 Rd2 37. b4 Rxc2 38. b5 Rb2 39. b6 c3 40. Ra4
Ne7 41. Rc4 Nd5 42. a4 Ra2 1/2-1/2

[Event "DSM WK M 2011"]
[Site "Karlsruhe GER"]
[Date "2011.05.13"]
[Round "3"]
[White "Raab, Helen"]
[Black "Frey, Alisa"]
[Result "0-1"]
[Termination "normal"]
[Board "2.1"]
[WhiteElo "1884"]
[BlackElo "2014"]
[WhiteTeam "Gymnasium Mainz-Gonsenheim"]
[BlackTeam "Lise-Meitner-Gymnasium Königsbach-Stein"]
[PlyCount "58"]
[WhiteFideId "24653608"]
[BlackFideId "24634662"]
[EventCountry "GER"]
[EventRounds "7"]
[EventType "team-swiss"]
[EventDate "2011.05.12"]

1. e4 c5 2. Nf3 d6 3. d4 cxd4 4. Nxd4 Nf6 5. Nc3 a6 6. Be2 e6 7. Be3 Be7 8. Qd2
b5 9. f3 Bb7 10. Bd3 Nbd7 11. O-O O-O 12. Nce2 d5 13. exd5 Nxd5 14. Bf2 Rc8 15.
Rad1 Nc5 16. c3 e5 17. Nf5 Bg5 18. Qc2 g6 19. h4 Bf6 20. Nh6+ Kg7 21. Ng4 Bxh4
22. Ng3 Qe7 23. Rfe1 Nxd3 24. Qxd3 Nf4 25. Qd7 Qxd7 26. Rxd7 Bc6 27. Ra7 Nd3
28. Ne4 Bxf2+ 29. Ngxf2 Nxe1 0-1

[Event "DSM WK M 2011"]
[Site "Karlsruhe GER"]
[Date "2011.05.13"]
[Round "3"]
[White "Kühnel, Lena"]
[Black "Efinger, Leila"]
[Result "1-0"]
[Termination "normal"]
[Board "2.2"]
[WhiteElo "1863"]
[BlackElo "1069"]
[WhiteTeam "Lise-Meitner-Gymnasium Königsbach-Stein"]
[BlackTeam "Gymnasium Mainz-Gonsenheim"]
[PlyCount "67"]
[WhiteFideId "24640956"]
[BlackFideId "12931705"]
[EventCountry "GER"]
[EventRounds "7"]
[EventType "team-swiss"]
[EventDate "2011.05.12"]

1. e4 c6 2. d4 d5 3. e5 Bf5 4. Nf3 e6 5. Be2 Ne7 6. O-O Ng6 7. c4 Nd7 8. Nc3
Be7 9. b3 O-O 10. h3 Qc7 11. Be3 a6 12. Rc1 b5 13. cxd5 exd5 14. Nxd5 Qb7 15.
Nxe7+ Nxe7 16. Nh4 Be6 17. f4 Nf5 18. Nxf5 Bxf5 19. Bf3 Rac8 20. Qe2 Rfd8 21.
Rfd1 Nb6 22. Bg4 Bxg4 23. Qxg4 Nd5 24. Bf2 h6 25. f5 f6 26. e6 Ne7 27. Bh4 Rf8
28. Rd3 Kh8 29. Rg3 Rg8 30. Qh5 Rcf8 31. Rc5 a5 32. Rg4 Re8 33. Bxf6 gxf6 34.
Qxh6# 1-0

[Event "DSM WK M 2011"]
[Site "Karlsruhe GER"]
[Date "2011.05.13"]
[Round "3"]
[White "Liedel, Linda"]
[Black "Roether, Barbara"]
[Result "1-0"]
[Termination "normal"]
[Board "2.3"]
[WhiteElo "898"]
[BlackElo "800"]
[WhiteTeam "Gymnasium Mainz-Gonsenheim"]
[BlackTeam "Lise-Meitner-Gymnasium Königsbach-Stein"]
[PlyCount "65"]
[EventCountry "GER"]
[EventRounds "7"]
[EventType "team-swiss"]
[EventDate "2011.05.12"]

1. e4 e5 2. Nf3 Nc6 3. Bb5 Bd6 4. O-O Nf6 5. c3 O-O 6. d3 a6 7. Ba4 Bc5 8. Bg5
h6 9. Bh4 d6 10. d4 exd4 11. cxd4 Bb4 12. Nbd2 Bg4 13. h3 Be6 14. d5 Nxd5 15.
Bxd8 Nf4 16. Bxc7 Nd3 17. Rb1 Bxa2 18. Bc2 Nxb2 19. Rxb2 Bxd2 20. Qxd2 a5 21.
Rxa2 Nb4 22. Rb2 f6 23. Bxd6 Rfd8 24. Rd1 Ra6 25. Rxb4 Raxd6 26. Rd4 Rxd4 27.
Nxd4 Rc8 28. Qxa5 Re8 29. Qb5 Rxe4 30. Bxe4 g5 31. Qxb7 Kf8 32. Nb5 h5 33. Rd8#
1-0

[Event "DSM WK M 2011"]
[Site "Karlsruhe GER"]
[Date "2011.05.13"]
[Round "3"]
[White "Kauselmann, Laura"]
[Black "Woider, Stella"]
[Result "1-0"]
[Termination "normal"]
[Board "2.4"]
[WhiteElo "899"]
[BlackElo "757"]
[WhiteTeam "Lise-Meitner-Gymnasium Königsbach-Stein"]
[BlackTeam "Gymnasium Mainz-Gonsenheim"]
[PlyCount "83"]
[EventCountry "GER"]
[EventRounds "7"]
[EventType "team-swiss"]
[EventDate "2011.05.12"]

1. e4 e5 2. Nf3 Nc6 3. Nc3 Bc5 4. Bb5 a6 5. Ba4 d6 6. d3 Nf6 7. Bg5 h6 8. Bh4
Bg4 9. h3 Bh5 10. g4 Bg6 11. Qd2 d5 12. exd5 Nxd5 13. Bxd8 Rxd8 14. Nxe5 Rd6
15. O-O-O O-O 16. Nxd5 Rxd5 17. Nxc6 bxc6 18. Bxc6 Rd6 19. Bf3 Rb8 20. b3 Rf6
21. Qe2 Kf8 22. Rhf1 Re8 23. Be4 Bd4 24. f3 a5 25. Qh2 Be5 26. f4 Bd6 27. Bxg6
Rxg6 28. Rde1 Rxe1+ 29. Rxe1 c5 30. Re4 Kg8 31. Qe2 Re6 32. Rxe6 fxe6 33. Qxe6+
Kh7 34. Qxd6 c4 35. dxc4 a4 36. bxa4 g6 37. a5 Kg7 38. a6 Kh7 39. a7 Kg7 40.
a8=Q g5 41. Qa7+ Kh8 42. Qd8# 1-0

[Event "DSM WK M 2011"]
[Site "Karlsruhe GER"]
[Date "2011.05.13"]
[Round "3"]
[White "Berger, Nadja"]
[Black "Brandl, Lea Maria"]
[Result "1-0"]
[Termination "normal"]
[Board "3.1"]
[WhiteElo "1710"]
[BlackElo "1541"]
[WhiteTeam "Friedrich-Dessauer-Gymnasium Aschaffenburg"]
[BlackTeam "Marienschule Limburg"]
[PlyCount "69"]
[WhiteFideId "24692212"]
[BlackFideId "24693049"]
[EventCountry "GER"]
[EventRounds "7"]
[EventType "team-swiss"]
[EventDate "2011.05.12"]

1. e4 c5 2. Nf3 d6 3. d4 cxd4 4. Nxd4 Nf6 5. Nc3 a6 6. f3 e5 7. Nb3 Be6 8. Bg5
Be7 9. Qd2 Nbd7 10. Rd1 O-O 11. h4 b5 12. g4 Nb6 13. Bxf6 Bxf6 14. g5 Be7 15.
Nd5 Nxd5 16. exd5 Bf5 17. Bd3 Qd7 18. Na5 Rfe8 19. Nc6 Bd8 20. Be4 Bb6 21. Qg2
Rac8 22. h5 Kh8 23. c3 Be3 24. Ke2 Bc5 25. Rh2 Rc7 26. Qg3 Rec8 27. Rdh1 Kg8
28. Rg2 Bxe4 29. fxe4 Kh8 30. Qf3 Rxc6 31. dxc6 Qxc6 32. h6 d5 33. Qxf7 Rg8 34.
g6 d4 35. hxg7+ 1-0

[Event "DSM WK M 2011"]
[Site "Karlsruhe GER"]
[Date "2011.05.13"]
[Round "3"]
[White "Liez, Franziska"]
[Black "Schnepper, Pauline"]
[Result "1/2-1/2"]
[Termination "normal"]
[Board "3.2"]
[WhiteElo "1441"]
[BlackElo "1512"]
[WhiteTeam "Marienschule Limburg"]
[BlackTeam "Friedrich-Dessauer-Gymnasium Aschaffenburg"]
[PlyCount "64"]
[WhiteFideId "1271766"]
[BlackFideId "12918040"]
[EventCountry "GER"]
[EventRounds "7"]
[EventType "team-swiss"]
[EventDate "2011.05.12"]

1. e4 c6 2. d4 d5 3. exd5 cxd5 4. Bd3 Nc6 5. c3 Nf6 6. Bf4 e6 7. Nd2 Bd6 8.
Bxd6 Qxd6 9. Ngf3 O-O 10. Qe2 a6 11. O-O h6 12. Ne5 b5 13. a3 Rb8 14. Ndf3 Bd7
15. Nxc6 Bxc6 16. Ne5 Rfc8 17. Rfe1 a5 18. b4 axb4 19. axb4 Be8 20. Ra3 Qb6 21.
Qd2 Ra8 22. Rb3 Rc7 23. Re3 Ne4 24. Bxe4 dxe4 25. Rxe4 Bc6 26. Re1 Bd5 27. Rb2
Qb7 28. f3 Qc8 29. Rc1 Ra3 30. Rbc2 Bb3 31. Rb2 Ba4 32. Nd3 Raxc3 1/2-1/2

[Event "DSM WK M 2011"]
[Site "Karlsruhe GER"]
[Date "2011.05.13"]
[Round "3"]
[White "Künstler, Tabea"]
[Black "Bajorski, Maria Sophie"]
[Result "1/2-1/2"]
[Termination "normal"]
[Board "3.3"]
[WhiteElo "1254"]
[BlackElo "1455"]
[WhiteTeam "Friedrich-Dessauer-Gymnasium Aschaffenburg"]
[BlackTeam "Marienschule Limburg"]
[PlyCount "97"]
[BlackFideId "24654531"]
[EventCountry "GER"]
[EventRounds "7"]
[EventType "team-swiss"]
[EventDate "2011.05.12"]

1. c4 Nf6 2. d4 e6 3. a3 d5 4. e3 c5 5. dxc5 Bxc5 6. b4 Bb6 7. c5 Bc7 8. Nf3
O-O 9. Bd3 e5 10. Bc2 Re8 11. O-O Bg4 12. h3 Bh5 13. g4 Bg6 14. Bxg6 hxg6 15.
Nc3 e4 16. Nh4 Re7 17. f4 Rd7 18. Nb5 Nc6 19. Bb2 Nh7 20. Ng2 Bb8 21. Nd4 a6
22. Nxc6 bxc6 23. Qd4 Nf6 24. g5 Ne8 25. h4 Qc8 26. Kh2 Rb7 27. Kg3 a5 28. Rh1
Qf5 29. h5 Qxg5+ 30. Kf2 Qg4 31. h6 f6 32. hxg7 Kxg7 33. Nh4 Kf7 34. Rag1 Qe6
35. Rxg6 Ke7 36. f5 Qf7 37. Rh6 Kd8 38. Ng6 Qc7 39. R1h3 Qc8 40. Qxf6+ Nxf6 41.
Bxf6+ Ke8 42. Rh8+ Kf7 43. Rxc8 Kxf6 44. Rf8+ Rf7 45. Rxf7+ Kxf7 46. Rh5 Kf6
47. Kg2 Be5 48. Nxe5 Kxe5 49. Kg3 1/2-1/2

[Event "DSM WK M 2011"]
[Site "Karlsruhe GER"]
[Date "2011.05.13"]
[Round "3"]
[White "Liez, Tatjana"]
[Black "Schwind, Clara"]
[Result "1/2-1/2"]
[Termination "normal"]
[Board "3.4"]
[WhiteElo "1391"]
[BlackElo "1313"]
[WhiteTeam "Marienschule Limburg"]
[BlackTeam "Friedrich-Dessauer-Gymnasium Aschaffenburg"]
[PlyCount "64"]
[WhiteFideId "1271769"]
[BlackFideId "12964581"]
[EventCountry "GER"]
[EventRounds "7"]
[EventType "team-swiss"]
[EventDate "2011.05.12"]

1. e4 c5 2. Nf3 Nc6 3. d3 g6 4. Be3 Bg7 5. Nc3 d6 6. Be2 Nf6 7. O-O O-O 8. a3
d5 9. Bxc5 b6 10. exd5 Nxd5 11. Nxd5 Qxd5 12. Bb4 Nxb4 13. axb4 Bxb2 14. Rb1
Bc3 15. Rb3 Bg7 16. Nd2 Bb7 17. Bf3 Qd7 18. Bxb7 Qxb7 19. Qf3 Qc7 20. c4 Rad8
21. Qe2 Rd4 22. Nf3 Rd7 23. g3 Rfd8 24. Rd1 Qc6 25. Ne1 Qa4 26. Rbb1 Bc3 27. b5
Bxe1 28. Rxe1 Rxd3 29. Qxe7 R3d7 30. Qe2 Rd2 31. Qe7 R2d7 32. Qe2 Rd2 1/2-1/2

[Event "DSM WK M 2011"]
[Site "Karlsruhe GER"]
[Date "2011.05.13"]
[Round "3"]
[White "Krein, Jana"]
[Black "Triantafillidis, Katherina"]
[Result "1-0"]
[Termination "normal"]
[Board "4.1"]
[WhiteElo "1088"]
[BlackElo "1290"]
[WhiteTeam "Auguste-Viktoria-Gymnasium Trier"]
[BlackTeam "Elly-Heuss-Knapp-Gymnasium Heilbronn"]
[PlyCount "89"]
[WhiteFideId "12937762"]
[BlackFideId "24692409"]
[EventCountry "GER"]
[EventRounds "7"]
[EventType "team-swiss"]
[EventDate "2011.05.12"]

1. e4 e5 2. Nf3 Nc6 3. Bb5 Nf6 4. d3 h6 5. O-O Bc5 6. Be3 Bb6 7. Nc3 d6 8. h3
Bd7 9. Re1 a6 10. Bc4 Ba5 11. Bd2 O-O 12. a3 Be6 13. Nd5 Bxd2 14. Qxd2 b5 15.
Ba2 Na7 16. Qa5 Nc6 17. Qxc7 Qxc7 18. Nxc7 Ra7 19. Nxe6 fxe6 20. Bxe6+ Kh8 21.
Bf5 Rc7 22. c3 Rd8 23. Rad1 Re7 24. d4 Ree8 25. dxe5 dxe5 26. Bg6 Rf8 27. b4
Rc8 28. Bf5 Rc7 29. Rd3 Nh5 30. Rd7 Rcc8 31. g3 Nf6 32. Rd6 Rc7 33. Red1 Rg8
34. Nh4 Ne7 35. Ng6+ Nxg6 36. Bxg6 Rxc3 37. Rxa6 Rc4 38. Re1 Rd8 39. Re6 Rd3
40. Rxe5 Rxa3 41. Rxb5 Ra4 42. e5 Ng8 43. e6 Ra6 44. Rb8 Rc7 45. Bf7 1-0

[Event "DSM WK M 2011"]
[Site "Karlsruhe GER"]
[Date "2011.05.13"]
[Round "3"]
[White "Triantafillidis, Zoé"]
[Black "Kim, Yu-Mi"]
[Result "1-0"]
[Termination "normal"]
[Board "4.2"]
[WhiteElo "1187"]
[BlackElo "1107"]
[WhiteTeam "Elly-Heuss-Knapp-Gymnasium Heilbronn"]
[BlackTeam "Auguste-Viktoria-Gymnasium Trier"]
[PlyCount "129"]
[WhiteFideId "12900150"]
[BlackFideId "12955361"]
[EventCountry "GER"]
[EventRounds "7"]
[EventType "team-swiss"]
[EventDate "2011.05.12"]

1. e4 e5 2. Nf3 Nc6 3. Nc3 Nf6 4. d4 exd4 5. Nxd4 Bc5 6. Be3 Nxd4 7. Bxd4 Bb4
8. Bd3 d5 9. exd5 Qxd5 10. Bxf6 Qe6+ 11. Qe2 Qxe2+ 12. Bxe2 gxf6 13. O-O-O Bd6
14. g3 Bd7 15. Ne4 Be5 16. f4 Bc6 17. Bf3 Bxe4 18. Bxe4 Bd6 19. Bxb7 Rb8 20.
Bc6+ Kf8 21. Rhe1 Kg7 22. Rd3 Rb6 23. Bd5 h5 24. Re2 h4 25. gxh4 Bxf4+ 26. Kb1
Rxh4 27. h3 Be5 28. Bb3 Rf4 29. a3 c5 30. c4 a5 31. Rc2 Re4 32. Ba4 Bf4 33. Bb5
Bh6 34. Rd5 Re5 35. Rg2+ Bg5 36. Rxe5 fxe5 37. Rxg5+ Kf6 38. Rg2 Ke7 39. Ba4 f5
40. Bc2 Rf6 41. Rf2 Ke6 42. h4 e4 43. h5 Ke5 44. Kc1 e3 45. Rf3 f4 46. Kd1 Kd4
47. h6 Rxh6 48. Rxf4+ Ke5 49. Re4+ Kd6 50. Rxe3 Rh4 51. b3 Rh1+ 52. Kd2 Ra1 53.
a4 Ra2 54. Kc3 Ra1 55. Rd3+ Kc6 56. Rd5 Re1 57. Bf5 Re7 58. Kd3 Kb6 59. Rd6+
Ka7 60. Rd7+ Rxd7+ 61. Bxd7 Kb7 62. Ke4 Kc7 63. Kd5 Kxd7 64. Kxc5 Kc7 65. Kb5
1-0

[Event "DSM WK M 2011"]
[Site "Karlsruhe GER"]
[Date "2011.05.13"]
[Round "3"]
[White "Bach, Kira"]
[Black "Graf, Janine"]
[Result "1-0"]
[Termination "normal"]
[Board "4.3"]
[WhiteElo "1136"]
[BlackElo "864"]
[WhiteTeam "Auguste-Viktoria-Gymnasium Trier"]
[BlackTeam "Elly-Heuss-Knapp-Gymnasium Heilbronn"]
[PlyCount "109"]
[WhiteFideId "12907677"]
[EventCountry "GER"]
[EventRounds "7"]
[EventType "team-swiss"]
[EventDate "2011.05.12"]

1. e4 e5 2. Nf3 Nc6 3. Bb5 Nf6 4. d3 Bc5 5. h3 O-O 6. O-O d6 7. Bg5 Nd4 8. Bc4
Be6 9. c3 Nxf3+ 10. Qxf3 h6 11. Bh4 g5 12. Bg3 Re8 13. Nd2 d5 14. Bb3 dxe4 15.
Nxe4 Nxe4 16. Qxe4 Bxb3 17. axb3 a6 18. Qxb7 Ra7 19. Qc6 Bb6 20. Qxh6 Qxd3 21.
Qxg5+ Kf8 22. Bxe5 Qc2 23. Bg7+ Kg8 24. Bh6+ Qg6 25. Rfe1 Rxe1+ 26. Rxe1 Qxg5
27. Bxg5 Kg7 28. Be3 c5 29. b4 Re7 30. Bd4+ Kf8 31. Rxe7 Kxe7 32. Bxc5+ Bxc5
33. bxc5 Kd7 34. h4 Kc6 35. h5 Kxc5 36. h6 Kc4 37. h7 Kb3 38. h8=Q a5 39. c4
Kxc4 40. Qb8 f5 41. b3+ Kc3 42. Qb5 f4 43. Qxa5+ Kxb3 44. Qc5 Kb2 45. Qc4 Kb1
46. Kf1 Kb2 47. Ke2 f3+ 48. gxf3 Kb1 49. Kd2 Kb2 50. Qc2+ Ka3 51. Qb1 Ka4 52.
Kc2 Ka5 53. Qb7 Ka4 54. Qb6 Ka3 55. Qb3# 1-0

[Event "DSM WK M 2011"]
[Site "Karlsruhe GER"]
[Date "2011.05.13"]
[Round "3"]
[White "Wolf, Isabelle"]
[Black "Mertes, Kathrin"]
[Result "0-1"]
[Termination "normal"]
[Board "4.4"]
[WhiteElo "800"]
[BlackElo "840"]
[WhiteTeam "Elly-Heuss-Knapp-Gymnasium Heilbronn"]
[BlackTeam "Auguste-Viktoria-Gymnasium Trier"]
[PlyCount "74"]
[EventCountry "GER"]
[EventRounds "7"]
[EventType "team-swiss"]
[EventDate "2011.05.12"]

1. d4 d5 2. Nc3 Nf6 3. Nf3 Bf5 4. Bg5 e6 5. e4 dxe4 6. Nb5 Be7 7. Bc4 exf3 8.
Qxf3 Nc6 9. O-O-O Bg4 10. Qf4 O-O 11. Rhe1 Bxd1 12. Rxd1 Bd6 13. Qg4 Nxg4 14.
Bxd8 Raxd8 15. f3 Bf4+ 16. Kb1 Ne3 17. Re1 Nxc4 18. b3 Nd2+ 19. Kc1 Nxf3+ 20.
Kd1 Nxe1 21. Kxe1 a6 22. Nxc7 Nxd4 23. Kd1 Nb5+ 24. Ke2 Nxc7 25. g3 Rd2+ 26.
Kf3 Bd6 27. Ke3 Rxc2 28. Kd3 Rxa2 29. g4 Bxh2 30. g5 Rd8+ 31. Ke3 Rd5 32. Ke4
Rxg5 33. b4 Rg4+ 34. Ke3 Rxb4 35. Kf3 Ra3+ 36. Kg2 Rb2+ 37. Kh1 Ra1# 0-1

[Event "DSM WK M 2011"]
[Site "Karlsruhe GER"]
[Date "2011.05.13"]
[Round "3"]
[White "Hund, Sarah"]
[Black "Wolff, Marie Antoinette"]
[Result "1-0"]
[Termination "normal"]
[Board "5.1"]
[WhiteElo "1248"]
[BlackElo "1029"]
[WhiteTeam "Rotteck-Gymnasium Freiburg"]
[BlackTeam "Louise-Henriette-Gymnasium Oranienburg"]
[PlyCount "49"]
[WhiteFideId "12923338"]
[BlackFideId "12908258"]
[EventCountry "GER"]
[EventRounds "7"]
[EventType "team-swiss"]
[EventDate "2011.05.12"]

1. e4 e5 2. Nf3 Nc6 3. Bc4 Nf6 4. Ng5 d5 5. exd5 Na5 6. Bb5+ c6 7. dxc6 bxc6 8.
Be2 Bc5 9. Nc3 O-O 10. d3 Qb6 11. O-O Be6 12. Na4 Bxf2+ 13. Rxf2 Qd4 14. Nc3
Bg4 15. Nge4 Nb7 16. Nxf6+ gxf6 17. Bxg4 Kh8 18. Qf3 f5 19. Qxf5 Nd6 20. Qf6+
Kg8 21. Bd7 Rad8 22. Bh6 Qxf2+ 23. Kxf2 Ne8 24. Bxe8 Rfxe8 25. Qg7# 1-0

[Event "DSM WK M 2011"]
[Site "Karlsruhe GER"]
[Date "2011.05.13"]
[Round "3"]
[White "Ziegel, Mandy"]
[Black "Krißmer, Maria"]
[Result "1-0"]
[Termination "normal"]
[Board "5.2"]
[WhiteElo "800"]
[BlackElo "1006"]
[WhiteTeam "Louise-Henriette-Gymnasium Oranienburg"]
[BlackTeam "Rotteck-Gymnasium Freiburg"]
[PlyCount "55"]
[EventCountry "GER"]
[EventRounds "7"]
[EventType "team-swiss"]
[EventDate "2011.05.12"]

1. d4 d5 2. Nf3 Nc6 3. e3 Nf6 4. Bd3 Bg4 5. Nbd2 e6 6. O-O Bd6 7. b3 O-O 8. Bb2
e5 9. Be2 Qe7 10. h3 e4 11. hxg4 exf3 12. Bxf3 Ne4 13. Be2 Nxd2 14. Qxd2 Qh4
15. g3 Qh3 16. Rfe1 Bb4 17. c3 Bd6 18. Bf3 Bxg3 19. fxg3 Qxg3+ 20. Qg2 Qh4 21.
Bxd5 Rfe8 22. Bxc6 bxc6 23. Qxc6 Qxg4+ 24. Qg2 Qh4 25. c4 Re6 26. Qxa8+ Qd8 27.
Qxd8+ Re8 28. Qxe8# 1-0

[Event "DSM WK M 2011"]
[Site "Karlsruhe GER"]
[Date "2011.05.13"]
[Round "3"]
[White "Atabay, Hatun"]
[Black "Thimian, Jessica"]
[Result "1-0"]
[Termination "normal"]
[Board "5.3"]
[WhiteElo "992"]
[BlackElo "800"]
[WhiteTeam "Rotteck-Gymnasium Freiburg"]
[BlackTeam "Louise-Henriette-Gymnasium Oranienburg"]
[PlyCount "31"]
[WhiteFideId "12929603"]
[EventCountry "GER"]
[EventRounds "7"]
[EventType "team-swiss"]
[EventDate "2011.05.12"]

1. e4 e5 2. Nf3 Nf6 3. Nxe5 d6 4. Nf3 Nxe4 5. Qe2 Qe7 6. Nc3 Nxc3 7. Qxe7+ Bxe7
8. dxc3 Bg4 9. Be2 O-O 10. O-O Re8 11. h3 Bh5 12. Re1 a5 13. Nd4 c5 14. Bxh5
cxd4 15. Bg5 Bxg5 16. Rxe8# 1-0

[Event "DSM WK M 2011"]
[Site "Karlsruhe GER"]
[Date "2011.05.13"]
[Round "3"]
[White "Schimmel, Sarina"]
[Black "Langner, Helen"]
[Result "1-0"]
[Termination "normal"]
[Board "5.4"]
[WhiteElo "890"]
[BlackElo "800"]
[WhiteTeam "Louise-Henriette-Gymnasium Oranienburg"]
[BlackTeam "Rotteck-Gymnasium Freiburg"]
[PlyCount "50"]
[EventCountry "GER"]
[EventRounds "7"]
[EventType "team-swiss"]
[EventDate "2011.05.12"]

1. e4 e5 2. Nf3 Nc6 3. Nc3 Nf6 4. Bc4 Bb4 5. O-O O-O 6. d3 Re8 7. a3 Bxc3 8.
bxc3 Rb8 9. Rb1 d6 10. Be3 Ra8 11. Qd2 a6 12. Qe2 b5 13. Bd5 Bb7 14. Ng5 Ng4
15. Qxg4 Qf6 16. Bxf7+ Kf8 17. Bxe8 Rxe8 18. Nxh7+ Kf7 19. Nxf6 Re6 20. Nh5 Rg6
21. Qf5+ Ke7 22. Qxg6 d5 23. Bg5+ Kd7 24. exd5 Ne7 25. Qe6+ Ke8 1-0

[Event "DSM WK M 2011"]
[Site "Karlsruhe GER"]
[Date "2011.05.13"]
[Round "3"]
[White "Kury, Valerie"]
[Black "Schmitt, Nora"]
[Result "1/2-1/2"]
[Termination "normal"]
[Board "6.1"]
[WhiteElo "1253"]
[BlackElo "1016"]
[WhiteTeam "St. Ursula-Gymnasium Freiburg"]
[BlackTeam "Gymnasium Neuenbürg"]
[PlyCount "38"]
[EventCountry "GER"]
[EventRounds "7"]
[EventType "team-swiss"]
[EventDate "2011.05.12"]

1. e4 e5 2. Nf3 Nc6 3. d4 f6 4. Bb5 Nge7 5. Nc3 d5 6. dxe5 Be6 7. Nd4 Qd7 8.
Nxc6 bxc6 9. Ba4 fxe5 10. Bg5 O-O-O 11. Qf3 h6 12. Bxe7 Bxe7 13. Rd1 d4 14. Qe2
Qd6 15. Qa6+ Kd7 16. a3 Rhf8 17. Nb5 Bc4 18. Nxd6 Bxa6 19. Nf5 Bc5 1/2-1/2

[Event "DSM WK M 2011"]
[Site "Karlsruhe GER"]
[Date "2011.05.13"]
[Round "3"]
[White "Härter, Maja"]
[Black "Kury, Karolin"]
[Result "0-1"]
[Termination "normal"]
[Board "6.2"]
[WhiteElo "763"]
[BlackElo "867"]
[WhiteTeam "Gymnasium Neuenbürg"]
[BlackTeam "St. Ursula-Gymnasium Freiburg"]
[PlyCount "94"]
[EventCountry "GER"]
[EventRounds "7"]
[EventType "team-swiss"]
[EventDate "2011.05.12"]

1. e4 e5 2. Nf3 Nc6 3. Bc4 Nf6 4. Nc3 Bc5 5. O-O d6 6. h3 O-O 7. d3 h6 8. Be3
Bxe3 9. fxe3 Na5 10. Bb5 c6 11. Ba4 Qb6 12. Qc1 d5 13. exd5 cxd5 14. Nxe5 Qd6
15. d4 Bd7 16. Bxd7 Nxd7 17. a3 f6 18. b4 fxe5 19. bxa5 exd4 20. exd4 Qg3 21.
Nxd5 Rxf1+ 22. Qxf1 Rf8 23. Ne7+ Kh8 24. Qxf8+ Nxf8 25. d5 Qe3+ 26. Kf1 Qxe7
27. Re1 Qf7+ 28. Kg1 Qxd5 29. a4 Qxa5 30. Re4 Qc5+ 31. Kh2 Qxc2 32. Rf4 Qc7 33.
g3 g5 34. Rxf8+ Kh7 35. Rf6 h5 36. Kg2 h4 37. g4 Qc2+ 38. Rf2 Qxa4 39. Rf7+ Kg6
40. Rxb7 Qe4+ 41. Kf2 Qxb7 42. Kg1 Qb2 43. Kf1 a5 44. Ke1 a4 45. Kf1 a3 46. Ke1
a2 47. Kf1 a1=Q# 0-1